000 00253nam a2200121Ia 4500
008 190216s9999||||xx |||||||||||||| ||und||
100 _aKumar M S
245 0 _aManassariyum Kili
260 _bLipi Pub
300 _a79
650 _aNovel
942 _cBK
999 _c28907
_d28907